Felix Leclerc
Αποθηκεύτηκε σε:
| Κύριος συγγραφέας: | |
|---|---|
| Μορφή: | Βιβλίο |
| Γλώσσα: | Γαλλικά |
| Έκδοση: |
París
Pierre Seghers
1964
|
| Σειρά: | Poetes d' aujourd' hui, 123
|
| Θέματα: | |
| Ετικέτες: |
Προσθήκη ετικέτας
Δεν υπάρχουν, Καταχωρήστε ετικέτα πρώτοι!
|
MARC
| LEADER | 00000nam a2200000 a 4500 | ||
|---|---|---|---|
| 001 | UCY5265 | ||
| 003 | CL-VaPUC | ||
| 008 | 950421e19640000FR |||||||||||||||||fre|d | ||
| 082 | 0 | 4 | |a 780.92 |b BER |2 21 |
| 100 | 0 | |a Bérimont, Luc |e author |9 332947 | |
| 245 | 1 | 0 | |a Felix Leclerc |
| 300 | |a 191 p | ||
| 942 | |c BK | ||
| 945 | |d 19950421 00:00:00 |a oaravena | ||
| 260 | |a París |b Pierre Seghers |c 1964 | ||
| 600 | 0 | 7 | |a LECLERC, FELIX |2 CL-VaPUC |9 333957 |
| 650 | 0 | |a Biografías |9 255210 | |
| 583 | |a last modification |c 19950421 00:00:00 |k Rodrigo Vera | ||
| 490 | 0 | |a Poetes d' aujourd' hui, 123 | |
| 999 | |c 232963 |d 232961 | ||
| 952 | |0 0 |1 0 |4 0 |6 780_920000000000000_BER_1964 |7 0 |8 P |9 237988 |a BIBART |b BIBART |d 2019-11-18 |i 3074641 |o 780.92 BER 1964 |p 3074641 |r 2025-03-13 |w 2019-11-18 |y BK |k ART | ||
| 952 | |0 0 |1 0 |4 0 |6 780_920000000000000_BER_1964 |7 0 |8 P |9 237989 |a BIBART |b BIBART |d 2019-11-18 |i 3074943 |o 780.92 BER 1964 |p 3074943 |r 2025-03-13 |w 2019-11-18 |y BK |k ART | ||